Statistics for Billie Eilish - When We All Fall Asleep, Where Do We Go?

Click here to take the quiz!

General Stats

  • This quiz has been taken 230 times
  • The average score is 12 of 14

Answer Stats

TrackSong% Correct
2bad guy
97%
13i love you
92%
10bury a friend
90%
3xanny
90%
14goodbye
89%
88
88%
11ilomilo
88%
4you should see me in a crown
88%
5all the good girls go to hell
87%
7when the party's over
86%
12listen before i go
84%
9my strange addiction
83%
6wish you were gay
82%
1Intro
40%

Score Distribution

Percentile by Number Answered

Percent of People with Each Score

Your Score History

You have not taken this quiz